000 00345nam a22001577a 4500
020 _a3824802158
041 _aENG
100 _aPatel.R.C
245 _aElements of Heat Engines Vol 1
250 _aEighteenth ed
260 _aVadodara
_bAcharya PUB
_c1997
300 _a417
650 _aFMP
700 _aKaramchandani. C.J
856 _uEOES
999 _c246
_d246